<marc:collection xmlns:xsi="http://www.w3.org/2001/XMLSchema-instance" xmlns:marc="http://www.loc.gov/MARC21/slim" xsi:schemaLocation="http://www.loc.gov/MARC21/slim http://www.loc.gov/standards/marcxml/schema/MARC21slim.xsd">
    <marc:record>
        <marc:leader>     nam a22      c 4500</marc:leader>
        <marc:controlfield tag="001">chlel.2/98008982</marc:controlfield>
        <marc:controlfield tag="003">nljbp</marc:controlfield>
        <marc:controlfield tag="005">250625025300.0</marc:controlfield>
        <marc:controlfield tag="007">cr |||||||||||</marc:controlfield>
        <marc:controlfield tag="008">250404s1984    ne |||||||||||||||||eng|d</marc:controlfield>
        <marc:datafield tag="010" ind1=" " ind2=" ">
            <marc:subfield code="a">  0082229562</marc:subfield>
        </marc:datafield>
        <marc:datafield tag="020" ind1=" " ind2=" ">
            <marc:subfield code="a">9789027286420</marc:subfield>
            <marc:subfield code="q">(e-Book)</marc:subfield>
        </marc:datafield>
        <marc:datafield tag="040" ind1=" " ind2=" ">
            <marc:subfield code="a">nljbp</marc:subfield>
            <marc:subfield code="b">eng</marc:subfield>
            <marc:subfield code="c">nljbp</marc:subfield>
            <marc:subfield code="d">nljbp</marc:subfield>
        </marc:datafield>
        <marc:datafield tag="050" ind1="0" ind2="0">
            <marc:subfield code="a">PN761</marc:subfield>
        </marc:datafield>
        <marc:datafield tag="082" ind1="0" ind2="0">
            <marc:subfield code="a">809/.915</marc:subfield>
            <marc:subfield code="2">19</marc:subfield>
        </marc:datafield>
        <marc:datafield tag="084" ind1=" " ind2=" ">
            <marc:subfield code="a">DSB</marc:subfield>
            <marc:subfield code="q">bicssc</marc:subfield>
        </marc:datafield>
        <marc:datafield tag="084" ind1=" " ind2=" ">
            <marc:subfield code="a">LIT000000</marc:subfield>
            <marc:subfield code="q">bisacsh</marc:subfield>
        </marc:datafield>
        <marc:datafield tag="245" ind1="0" ind2="4">
            <marc:subfield code="a">The Symbolist Movement in the Literature of European Languages</marc:subfield>
            <marc:subfield code="c">Edited by Anna Balakian</marc:subfield>
        </marc:datafield>
        <marc:datafield tag="264" ind1=" " ind2="1">
            <marc:subfield code="a">Amsterdam ;</marc:subfield>
            <marc:subfield code="a">Philadelphia :</marc:subfield>
            <marc:subfield code="b">John Benjamins Publishing Company,</marc:subfield>
            <marc:subfield code="c">1984</marc:subfield>
        </marc:datafield>
        <marc:datafield tag="264" ind1=" " ind2="4">
            <marc:subfield code="c">©1984</marc:subfield>
        </marc:datafield>
        <marc:datafield tag="300" ind1=" " ind2=" ">
            <marc:subfield code="a">1 online resource (732 pp.)</marc:subfield>
        </marc:datafield>
        <marc:datafield tag="336" ind1=" " ind2=" ">
            <marc:subfield code="a">text</marc:subfield>
            <marc:subfield code="b">txt</marc:subfield>
            <marc:subfield code="2">rdacontent</marc:subfield>
        </marc:datafield>
        <marc:datafield tag="337" ind1=" " ind2=" ">
            <marc:subfield code="a">computer</marc:subfield>
            <marc:subfield code="b">c</marc:subfield>
            <marc:subfield code="2">rdamedia</marc:subfield>
        </marc:datafield>
        <marc:datafield tag="338" ind1=" " ind2=" ">
            <marc:subfield code="a">online resource</marc:subfield>
            <marc:subfield code="b">cr</marc:subfield>
            <marc:subfield code="2">rdacarrier</marc:subfield>
        </marc:datafield>
        <marc:datafield tag="490" ind1="0" ind2=" ">
            <marc:subfield code="a">Comparative History of Literatures in European Languages</marc:subfield>
            <marc:subfield code="x">0238-0668</marc:subfield>
            <marc:subfield code="v">II</marc:subfield>
        </marc:datafield>
        <marc:datafield tag="504" ind1=" " ind2=" ">
            <marc:subfield code="a">Includes bibliographical references and index.</marc:subfield>
        </marc:datafield>
        <marc:datafield tag="505" ind1="0" ind2=" ">
            <marc:subfield code="a">General preface to all volumes published as part of the "Comparative History of Literatures" -- Introduction / Anna Balakian -- What is Symbolism? / René Wellek -- The Structure of the Symbolist Movement / György M. Vajda † -- Presence and Poetry of Stéphane Mallarmé / Lloyd James Austin -- The Background of French Symbolism / Robert Jouanny -- The Language of Symbolism / Claude Abastado -- Symbolist Imagery / Louis Forestier -- The Fate of Symbolism / Michel Décaudin -- Section A: Catalysts and Intermediaries -- The Liberated Verse of the English Translators of French Symbolism / Clive Scott -- German Poets in the Proximity of Baudelaire and the Symbolists / Kurt Wais -- A Graver Decadence / Gordon Brotherston -- The Translation and Refraction of Symbolism / André Karátson -- Section B: Diffusion and Symbiosis -- On the Spread of Symbolism / Miklós Szabolcsi -- Models for Symbolism and Expressionism / Manfred Durzak -- Symbolism and Modernism / Ricardo Gullón -- The Symbolist Mode in the Spanish American Modernista Novel, 1885–1924 / Roland Grass -- Expectation and Resignation / Manfred Gsteiger -- Valéry and his International Reputation / James Lawler -- Yeats / Dennis Donoghue -- Eliot / Ruth Z. Temple -- D’Annunzio and International Symbolism / Ezio Raimondi -- Juan Ramón Jiménez and the Heritage of Symbolism in Hispanic Poetry / Bernard Gicovate -- Jorge Guillén and the Symbolist Imprint on the Generation of the 1920’s / André Debicki -- The Symbolist Turn in Endre Ady’s Poetry / Péter Pór -- Andrey Bely and the Symbolist Movement in Russia / Boris Christa -- The “Beyond” and the “Within” / Pierre Brunel -- Symbolist Theater / Hartmut Köhler -- The Symbol in the Austrian Literature of the Turn of the Century / Manfred Hoppe -- Contribution to a Typology of Symbolist Painting / Lajos Németh -- Displacements of Parental Space / Michel Bénamou -- Symbolist Music / Marcel Schneider -- Musical Settings of Symbolist Poems / Elaine Brody -- Symbolism in Alexander Scriabin’s Music / Vladimir Padwa -- The Spread and Evolution of Symbolist Ideals in Art / Edouard Roditi -- The Other Symbolist Inheritance in Painting / Dore Ashton -- The Esthetics of Symbolism in French and Belgian / Philippe Jullian -- Symbolism in Portuguese Literature / Jacinto Prado-Coelho -- The Symbolist Movement in Belgium / Elizabeth Hess -- Early Scnadinavian Symbolism / Lief Sjőberg and N.L. Jensen -- Symbolism in Denmark / Lief Sjőberg -- Symbolism and Finnish Literature / Irma Rantavaara -- Symbolism in Baltic Literatures / Vitautas Kubilis -- Polish Symbolism / Michal Glowinski -- Czech Symbolist Poetry / Alena Hájková -- Symbolist Elements in Serbian Poetry / Vladeta R. Košutić -- Symbolism in Bulgarian Literature / Georgi Dimov -- Symbolism in Greece / Robert Jouanny -- Aspects of Symbolist Poetry in The United States / Haskell M. Block -- Symbolic Statement / Leon Edel -- Darió and Rodó / Emir Rodríguez Monegal -- Conclusion / Anna Balakian</marc:subfield>
        </marc:datafield>
        <marc:datafield tag="520" ind1=" " ind2=" ">
            <marc:subfield code="a">Edited by Anna Balakian, this volume marks the first attempt to discuss Symbolism in a full range of the literatures written in the European languages. The scope of these analyses, which explore Latin America, Scandinavia, Russia, Poland, Hungary, Serbia, Czechoslovakia, and Bulgaria as well as West European literatures, continues to make the volume a valuable reference today. As René Wellek suggests in his historiographic contribution, the fifty-one contributors not only make us think afresh about individual authors who are “giants,” but also draw us to reassess schools and movements in their local as well as international contexts. Reviewers comment that this “copious and intelligently structured” anthology, divided into eight parts, traces the conceptual bases and emergence of an international Symbolist movement, showing the spread of Symbolism to other national literatures from French sources, as well as the symbiotic transformations of Symbolism through appropriation and amalgamation with local literary trends. Several chapters deal with the relationships between literature and the other arts, pointing to Symbolism at work in painting, music, and theatre. Other chapters on the psychological aspects of the Symbolist method connect in interesting ways to a vision of metaphor and myth as virtually musical notation and an experimental emphasis on the play afforded by gaps between words. The volume is “a major contribution” to “the most significant exponents” and “essential themes” of Symbolism. The theoretical, historical, and typological sections of the volume help explain why the impact of this important movement of the fin-de-siècle is still felt today.</marc:subfield>
            <marc:subfield code="c">Provided by publisher.</marc:subfield>
        </marc:datafield>
        <marc:datafield tag="650" ind1="0" ind2="4">
            <marc:subfield code="a">Comparative literature &amp; literary studies</marc:subfield>
        </marc:datafield>
        <marc:datafield tag="700" ind1="1" ind2=" ">
            <marc:subfield code="a">Balakian, Anna</marc:subfield>
            <marc:subfield code="e">editor</marc:subfield>
        </marc:datafield>
        <marc:datafield tag="776" ind1="1" ind2=" ">
            <marc:subfield code="i">Hardbound version:</marc:subfield>
            <marc:subfield code="d">Amsterdam ; Philadelphia : John Benjamins Publishing Company, 1984</marc:subfield>
            <marc:subfield code="z">9789630538954</marc:subfield>
        </marc:datafield>
        <marc:datafield tag="856" ind1="4" ind2="0">
            <marc:subfield code="z">DOI</marc:subfield>
            <marc:subfield code="u">https://doi.org/10.1075/chlel.ii</marc:subfield>
        </marc:datafield>
        <marc:datafield tag="856" ind1="4" ind2="0">
            <marc:subfield code="z">JB e-Platform</marc:subfield>
            <marc:subfield code="u">https://www.jbe-platform.com/content/books/9789027286420</marc:subfield>
        </marc:datafield>
    </marc:record>
</marc:collection>